Planning and Compulsory Purchase Bill (Record no. 103341)

MARC details
000 -LEADER
fixed length control field 00821cam a2200181 4500
001 - CONTROL NUMBER
control field J125110
008 - FIXED-LENGTH DATA ELEMENTS--GENERAL INFORMATION
fixed length control field 040211n2003 000 0 eng u
035 ## - SYSTEM CONTROL NUMBER
System control number (Sirsi) u125110
041 ## - LANGUAGE CODE
Language code of text/sound track or separate title eng
050 ## - LIBRARY OF CONGRESS CALL NUMBER
Classification number 711.1
-- 18
245 ## - TITLE STATEMENT
Title Planning and Compulsory Purchase Bill
Remainder of title explanatory notes
260 ## - PUBLICATION, DISTRIBUTION, ETC.
Place of publication, distribution, etc. London
Name of publisher, distributor, etc. United Kingdom Parliament
Date of publication, distribution, etc. 2003
520 ## - SUMMARY, ETC.
Summary, etc. Explanatory notes prepared by the ODPM outlining the background to and providing a summary, overview and commentary on the Planning and Compulsory Purchase Bill (J125109). View at www.publications.parliament.uk.
650 ## - SUBJECT ADDED ENTRY--TOPICAL TERM
Topical term or geographic name entry element PLANNING AND COMPULSORY PURCHASE ACT 2004
690 ## - LOCAL SUBJECT ADDED ENTRY--TOPICAL TERM (OCLC, RLIN)
Topical term or geographic name as entry element PLANNING
856 ## - ELECTRONIC LOCATION AND ACCESS
Uniform Resource Identifier <a href="https://www.publications.parliament.uk/pa/ld200304/ldbills/010/en/04010x--.htm">https://www.publications.parliament.uk/pa/ld200304/ldbills/010/en/04010x--.htm</a>
Public note View the explanatory notes on the UK Parliament website...
942 ## - ADDED ENTRY ELEMENTS (KOHA)
Suppress in OPAC 0
Holdings
Withdrawn status Lost status Source of classification or shelving scheme Damaged status Not for loan Home library Current library Shelving location Date acquired Total Checkouts Full call number Barcode Date last seen Copy number Price effective from Koha item type
    Dewey Decimal Classification     Virtual Virtual Online 11/02/2004   ONLINE PUBLICATION 125110-1001 06/08/2019 1 06/08/2019 Book